书目信息 |
| 题名: |
深入理解智能电网
|
|
| 作者: | 巴克霍尔兹 , 斯蒂琴斯基 著 ;张莲梅 译 | |
| 分册: | ||
| 出版信息: | 北京 机械工业出版社 2019 |
|
| 页数: | 18,333页 | |
| 开本: | 24cm | |
| 丛书名: | 智能电网关键技术研究与应用丛书 | |
| 单 册: | ||
| 中图分类: | TM76 | |
| 科图分类: | ||
| 主题词: | 智能控制--电网 | |
| 电子资源: | ||
| ISBN: | 978-7-111-62664-0 | |
| 000 | 01999oam2 2200349 450 | |
| 001 | 2253363597 | |
| 005 | 20220930144935.69 | |
| 010 | @a978-7-111-62664-0@dCNY119.00 | |
| 100 | @a20200408d2019 em y0chiy50 ea | |
| 101 | 1 | @achi@ceng |
| 102 | @aCN@b110000 | |
| 105 | @aak az 000yy | |
| 200 | 1 | @a深入理解智能电网@9shen ru li jie zhi neng dian wang@e基本原理、关键技术与解决方案@f(德)贝恩德·M. 巴克霍尔兹(Bernd M. Buchholz),(德)兹比格涅夫·斯蒂琴斯基(Zbigniew Styczynski)著@g张莲梅等译 |
| 210 | @a北京@c机械工业出版社@d2019 | |
| 215 | @a18,333页@c图@d24cm | |
| 225 | 2 | @a智能电网关键技术研究与应用丛书 |
| 306 | @a由Springer授权出版 | |
| 312 | @a书名原文:Smart grids fundamentals and technologies in electricity networks | |
| 314 | @a贝恩德·M. 巴克霍尔兹 (Bernd M. Buchholz),莫斯科动力工程学院/技术大学获得硕士和博士学位。自2010年以来,担任欧洲灯塔项目等的技术和战略顾问。 | |
| 314 | @a兹比格涅夫·斯蒂琴斯基 (Zbigniew Styczynski),博士,教授,CRIS的主席。 | |
| 320 | @a有书目 | |
| 330 | @a本书是智能电网领域的重要的介绍性著作,涵盖智能电网的所有相关主题。本书描述了未来电力供应的挑战、所引发的问题、未来的愿景、智能电网的驱动者、基本原理、概念、新出现的解决方案等。具体包括:智能发电的资源、种类和潜力;输电网和变电站的智能电网新技术;智能配电网的设计;广域范围内内输电网智能运行、保护和监测;智能配电网的三大支柱;智能能源市场;先进信息和通信技术的原理和新进展。本书关注实践经验,针对采用新的智能电网解决方案,总结了大量的各国的工业经验、领导经验。 | |
| 461 | 0 | @12001 @a智能电网关键技术研究与应用丛书 |
| 510 | 1 | @aSmart grids fundamentals and technologies in electricity networks@zeng |
| 517 | 1 | @a基本原理、关键技术与解决方案@9ji ben yuan li、guan jian ji shu yu jie jue fang an |
| 606 | 0 | @a智能控制@x电网 |
| 690 | @aTM76@v5 | |
| 701 | 1 | @c(德)@a巴克霍尔兹@9ba ke huo er zi@gBuchholz, Bernd M.@4著 |
| 701 | 1 | @c(德)@a斯蒂琴斯基@9si di qin si ji@gStyczynski, Zbigniew@4著 |
| 702 | 0 | @a张莲梅@9zhang lian mei@4译 |
| 801 | 0 | @aCN@b91MARC@c20200408 |
| 905 | @aZUCC@dTM76@e3 | |
| 深入理解智能电网:基本原理、关键技术与解决方案/(德)贝恩德·M. 巴克霍尔兹(Bernd M. Buchholz),(德)兹比格涅夫·斯蒂琴斯基(Zbigniew Styczynski)著/张莲梅等译.-北京:机械工业出版社,2019 |
| 18,333页:图;24cm.-(智能电网关键技术研究与应用丛书) |
| ISBN 978-7-111-62664-0:CNY119.00 |
| 本书是智能电网领域的重要的介绍性著作,涵盖智能电网的所有相关主题。本书描述了未来电力供应的挑战、所引发的问题、未来的愿景、智能电网的驱动者、基本原理、概念、新出现的解决方案等。具体包括:智能发电的资源、种类和潜力;输电网和变电站的智能电网新技术;智能配电网的设计;广域范围内内输电网智能运行、保护和监测;智能配电网的三大支柱;智能能源市场;先进信息和通信技术的原理和新进展。本书关注实践经验,针对采用新的智能电网解决方案,总结了大量的各国的工业经验、领导经验。 |
| ● |
| 相关链接 |
|
|
|
正题名:深入理解智能电网
索取号:TM76/3
 
预约/预借
| 序号 | 登录号 | 条形码 | 馆藏地/架位号 | 状态 | 备注 |
| 1 | 2000908729 | 2000908729 | 第三书库/ [索取号:TM76/3] | 在馆 | |
| 2 | 2000908730 | 2000908730 | 第三书库/ [索取号:TM76/3] | 在馆 | |
| 3 | 2000908731 | 2000908731 | 第三书库/ [索取号:TM76/3] | 在馆 |